000 01072nam a2200217Ia 4500
003 Ost
005 20260507075557.0
008 260507s9999||||xx |||||||||||||| ||und||
040 _cfsecg
041 _aara
082 _a330
100 _aخلف، فليح حسن
_eمؤلف
245 0 _aالتنمية والتخطيط الاقتصادي /
_c فليح حسن خلف
260 _aعمان:
_bجدار للكتاب العالمي;علم الكتب الحديث,
_c2006
300 _a441 صفحة؛
_c24 سم
504 _aمراجع ص.433
520 _aالتخلف الاقتصادي اضافة الى نظريات النمو و التنمية لاقتصادية, التخطيط الاقتصادي و مبرراته و متطلباته و كذا انواع التخطيط و نشأته و مبادئه و كيفية اعداد الخطة و اخيرا الادوات و الاساليب و القرارات الفنية في التخطيط.
653 _aالتخطيط الاقتصادي
653 _aالتنمية الاقتصادية
942 _cكتاب
999 _c44972
_d44972